000
00332nam a2200133Ia 4500
008
240624s9999 xx 000 0 und d
041
_a
eng
082
_a
658 BHA
100
_a
BHAT HARISH
245
_a
TATALOG EIGHT MODERN STORIES FROM A TIME
260
_c
2012
_a
New Delhi
_b
Penguin India
300
_a
216 : p.
365
_c
RS
_b
25
999
_c
21739
_d
21739